| 000 | 00000nam##2200000za#4500 |
| 001 | 9.533161 |
| 003 | CaOODSP |
| 005 | 20200331231615 |
| 007 | ta |
| 008 | 150406|2000||||xxc||||| f|0| 0 fre|d |
| 020 | |a0-660-61158-9 |
| 040 | |aCaOODSP|bfre |
| 041 | |aeng |
| 041 | |afre |
| 043 | |an-cn--- |
| 086 | 1 |aBT31-2/2001-III-19 |
| 110 | 1 |aCanada. |bConseil du trésor. |
| 245 | 10|aAffaires indiennes et du Nord Canada et Commission canadienne des affaires polaires |
| 260 | |aOttawa - Ontario : |bSecrétariat du Conseil du Trésor du Canada |c2000. |
| 300 | |a39p. : |bgraphiques, organigramme, tableaux ; |c28 cm. |
| 490 | 1 |aBudget des dépenses 2000-2001, partie III: rapport sur les plans et les priorités |
| 546 | |aBilingue |
| 563 | |aCouverture souple |
| 590 | |a00-14|b2000-04-07 |
| 691 | 07|aPrévisions budgétaires|2gcpds |
| 776 | 0#|tIndian and Northern Affairs Canada and Canadian Polar Commission, 2000-2001 estimates. Part III, Report on plans and priorities |w(CaOODSP)9.567918 |
| 776 | 0#|tAffaires indiennes et du Nord Canada et Commission canadienne des affaires polaires, budget des dépenses 2000-2001. Partie III, Rapport sur les plans et les priorités |w(CaOODSP)9.599233 |
| 791 | |tIndian and Northern Affairs Canada and Canadian Polar Commission |eeng|w(CaOODSP)9.533160 |
| 830 | #0|aBudget des dépenses 2000-2001, partie III: rapport sur les plans et les priorités.|w(CaOODSP)9.508965 |